00700nam a2200181 a 450000100100000000500170001000800410002702000180006804000250008608200160011110000450012724501150017226000410028730000310032859000280035995201140038799900170050100004834520240305120454.0190211s2012 dr c r 000 0 spa d a9789945415490 aDO-SdBNPbspacBNPHU axxxxbS237a1 aSantos, Danilo de los,d1943-201891027810aÁlbum cincuentenario 1962-2012 :bPontificia Universidad Católica Madre y Maestra /cDanilo de los Santos. aSanto Domingo :bBanreservas,c2012. a579 p. :bretrs. ;c32 cm. aInventariado, 2019 / DG 0010718PDaPDbPDcHDd2019-02-11iLF1l0oxxxx S237ap48345-10r2020-06-25w2020-06-25yLFPDZNo se presta c47833d47833